| 000 | 00764nam a22002177a 4500 | ||
|---|---|---|---|
| 999 |
_c13445 _d13445 |
||
| 003 | AR-CdUCM | ||
| 008 | 190415b ||||| |||| 00| 0 spa d | ||
| 040 |
_aMUNICIPALIDAD PROVINCIAL DEL CUSCO _cBIBLIOTECA MUNICIPAL DEL CUSCO |
||
| 082 |
_a813.08 / _bAN62 |
||
| 245 | _aAntología del cuento norteamericano clásico / | ||
| 260 |
_aLima : _bInstituto Latinoamericano de Vinculación Cultural, _c1964. |
||
| 300 |
_a261 páginas ; _c20 cm. |
||
| 505 | _aContenido: Cuentos. | ||
| 650 |
_aCuento estadounidenses _931868 |
||
| 650 |
_aSiglo XX _98 |
||
| 650 |
_aLiteratura Norteamericana _91382 |
||
| 700 |
_aEscajadillo, Tomás Gustavo (introducción) _931869 |
||
| 700 |
_aLeón, Joe de (carátula) _931870 |
||
| 942 |
_2ddc _cLIBROS |
||
| 945 |
_aachl _d2019-04-15 |
||